| 000 | 00619nam a22001937a 4500 | ||
|---|---|---|---|
| 003 | OSt | ||
| 005 | 20250623084007.0 | ||
| 008 | 250623b |||||||| |||| 00| 0 eng d | ||
| 020 | _a978-971-816-143-3 | ||
| 040 |
_aDWCL - Main lib _cOC |
||
| 082 | _aCirc. 641.59599 S249p 2016 | ||
| 100 | _aSarthou, Tatung | ||
| 245 |
_a Philippine Cookery from heart to platter/ _cTatung Sarthou |
||
| 260 |
_aQuezon City: _b ABS CBN publishing inc., _cc2016 |
||
| 300 |
_a288 pages : _b illustrations ; _c23cm. |
||
| 504 | _aIncludes bibliography and index | ||
| 650 | _a1. Cookery. Philippines | ||
| 942 |
_2ddc _cBK-CIRC _kCirc. _n0 |
||
| 999 |
_c3247 _d3247 |
||